| 000 | 00611cam a22002295a 4500 | ||
|---|---|---|---|
| 001 | L157820 | ||
| 002 | 18905 | ||
| 008 | 130530s2011 xxk f 000 0 eng d | ||
| 020 | _a9781859463871 | ||
| 035 | _a(Sirsi) u157820 | ||
| 041 | 0 | _aeng | |
| 050 | 0 | 4 | _a692.8 |
| 100 | 1 | _aLupton, Sarah | |
| 245 | 0 | 0 | _aGuide to sbc11 |
| 260 |
_aLondon _bRIBA _c2011 |
||
| 350 | _a45.00 | ||
| 520 | _aGuide to the Standard Building Contract 2011. The guide points out the important changes to the 2011 contract. | ||
| 590 | _aKA | ||
| 651 | 4 | _aENGLAND AND WALES | |
| 690 | _aSTANDARD BUILDING CONTRACT | ||
| 942 | _n0 | ||
| 999 |
_c114983 _d114983 |
||